000 00487cam a22002051 4500
001 ne 68003006
003 DLC
005 20260227111845.0
008 881028s1968 xx a 000 0 ara
010 _ane 68003006
035 _a(OCoLC)23496370
040 _aDLC
_cMiU
_dDLC
042 _apremarc
050 0 0 _aPJ7832.U8
_bW3
100 1 _aHussein, Ahmad.
245 1 0 _aWa-iḥtaraqat al-Qāhirah.
260 _c1968.
300 _a559 p.
_billus.
_c20 cm.
500 _aRomanized.
999 _c50658
_d50658